00825 a2200157 4500001000700000020001800007041000800025082000800033520047100041521001100512856002400523040002500547245002500572260002700597300004300624118912 a9781906861759 aeng a[E] aFrustrado com a rotina de sua vida, Shrek faz um acordo com o trapaceiro Rumpelstiltskin - que quer ser o rei de Far Far Away. Ele troca um dia de sua vida atual por um dia como um ogro livre e solteiro. Mas, após a troca, Shrek se vê diante de uma realidade diferente da que imaginava: Rumpelstiltskin é rei, a princesa Fiona é uma guerreira defensora da liberdade, e Shrek nunca existiu. Será que ele conseguirá desfazer o feitiço de Rumpelstiltskin? aYear 3 u000032/000032eb.jpg aBR-BrIDEAcBR-BrIDEA10aShrekbforever after aLondonbRichmondc2011 a32 p.bil. colore22.2 x 14.8 x 0.8 cm